000
00292nam a22001217a 4500
082
_a
001
_b
COM/G
100
_a
COMPETITION REVIEW
245
_a
GENERAL KNOWLEDGE OBJECTIVE TYPE
260
_a
DELHI
_b
COMPETITION REVIEW
_c
2009
300
_a
512
650
_a
GENERAL KNOWLEDGE
_z
INDIA
942
_c
BK
999
_c
6297
_d
6297